Statistiken für Spätere Phasen der Fußball–Weltmeisterschaft 1982

Klicken Sie hier um das Quiz zu spielen!

Allgemein

  • Dieses Quiz wurde 37 mal gespielt
  • Das Durchschnittsergebnis liegt bei 9 aus 12

Antwortstatistiken

Nation % Korrekt
Argentinien
97%
Brasilien
97%
Italien
97%
Frankreich
93%
Spanien
93%
England
87%
Sowjetunion
80%
BR Deutschland
77%
Belgien
67%
Polen
67%
Österreich
53%
Nordirland
33%

Verteilung der Resultate

Perzentil nach korrekt beantworteten Fragen

Anzahl Personen mit jedem Resultat

Ihre Resultats-Entwicklung

Sie haben dieses Quiz noch nicht gespielt